Tous les drapeaux d'État allemands - Statistiques

Statistiques générales
  • Ce quiz a été pris 20 fois
  • Le résultat moyen est 6 sur 16
Statistiques - réponses
Par images Réponse % Correct
Berlin
91%
Bavière
73%
Hambourg
64%
Brême
45%
Saxe
45%
Bade-Wurtemberg
36%
Basse-Saxe
36%
Hesse
36%
Saxe-Anhalt
36%
Brandebourg
27%
Rhénanie du Nord-Westphalie
27%
Rhénanie-palatinat
27%
Sarre
27%
Thuringe
27%
Schleswig-Holstein
18%
Mecklembourg-Poméranie occidentale
9%
Aucun quiz correspondant
Distribution des résultats
% des personnes avec chaque résultat
Percentile par nombre de réponses
Votre historique - résultats
Vous n’avez pas pris ce quiz